| 000 | 00330nam a2200121Ia 4500 | ||
|---|---|---|---|
| 005 | 20260326100039.0 | ||
| 008 | 260326s9999||||xx |||||||||||||| ||und|| | ||
| 100 | _aEarth Pledge | ||
| 245 | 0 |
_aGreen Roofs : _b Ecológical Design and Construction / _cEarth Pledge |
|
| 260 | _bSchiffer | ||
| 650 | _aARQUITECTURA Y CLIMA | ||
| 942 | _cBK | ||
| 999 |
_c6927 _d6927 |
||